| 000 | 01111cam a2200277 a 4500 | ||
|---|---|---|---|
| 001 | 000002824 | ||
| 005 | 20200929150250.0 | ||
| 008 | 820802s1983 mx b 001 0 spa | ||
| 040 |
_aDO-SdBNP _cDLC _dDLC |
||
| 041 | 1 | 7 |
_aspa _heng _2Código de idioma MARC |
| 082 |
_a813.09 _bL847W |
||
| 100 | 1 |
_aWatson, Charles N., _d1939- _98938 |
|
| 245 | 1 | 4 |
_aLas novelas de Jack London : _buna revaluación / _cCharles N. Watson, Jr. ; traducción, Elisa Moreno C. |
| 260 |
_aWisconsin, Estados Unidos : _bUniversity of Wisconsin Press, _c1983. |
||
| 300 |
_a307 p. ; _c21 cm. |
||
| 504 | _aBibliografías : p. 291-293. | ||
| 504 | _aIncluye referencia de temas | ||
| 504 | _aIncluye índice. | ||
| 534 |
_aTítulo original : _tThe novels of Jack London : a reappraisal |
||
| 600 | 1 | 4 |
_aLONDON, JACK _d1876-1916 _xCRÍTICA E INTERPRETACIÓN _98939 |
| 650 | 4 |
_aNovela estadounidense _xHistoria y crítica _98940 |
|
| 650 | 4 |
_aNovelas estadounidense _vCOLECCIONES _98941 |
|
| 650 | 4 |
_aLiteratura estadounidense _xHistoria y crítica _96786 |
|
| 700 | 1 |
_aMoreno C., Elisa _etr. _98942 |
|
| 910 | _aCatalogación por copia / LC | ||
| 999 |
_c2658 _d2658 |
||